000 01110nam a2200325 i 4500
001 000021038
003 DO-SdBNP
005 20250424095103.0
007 ta
008 100830s1996 dr ac 000 0 spa d
020 _a8489548064
040 _aDO-SdBNP
_bspa
_cBNPHU
_erda
041 _hspa
082 1 _a922.2
_bM623b
_222
100 1 _aMichel, Miriam,
_eautor
_4aut.
_936431
245 1 0 _aBiobibliografía de monseñor doctor Rafael Bello Peguero, Pbro /
_cMiriam Michel.
250 _aPrimera edición
264 1 _aSanto Domingo :
_bAmigo del Hogar,
_c1996.
300 _a135 páginas :
_bilustraciones, retratos ;
_c24 cm.
336 _atexto
_btxt
_2rdacontent
337 _asin mediación
_bn
_2rdamedia
338 _avolumen
_bnc
_2rdacarrier
500 _aIncluye datos biográficos de la autora en la solapa de la cubierta
500 _aIncluye referencias bibliográficas y notas al pie de las páginas
590 _aInventariado,2018/DG
600 1 4 _aBello Peguero, Rafael,
_d1932-2022
_92405
650 4 _aBografías
_920254
650 4 _aBiografía religiosa
_942125
942 _2ddc
_cLBS1
999 _c20541
_d20541